Vista normal
Vista MARC
Entrada Materia (personas)
Número de registros utilizados en: 1
001 - CONTROL NUMBER
- control field: 159049
003 - CONTROL NUMBER IDENTIFIER
- control field: Co-BoUCM
005 - DATE AND TIME OF LATEST TRANSACTION
- control field: 20211110132810.0
008 - FIXED-LENGTH DATA ELEMENTS
- fixed length control field: 211110|| aca||aabn | a|a d
040 ## - CATALOGING SOURCE
- Original cataloging agency: Co-BoUCM
- Transcribing agency: Co-BoUCM
100 ## - HEADING--PERSONAL NAME
- Personal name: Sánchez Herrera, Bernardo
670 ## - SOURCE DATA FOUND
- Source citation: Work cat.: (Co-BoUCM)36453: Triviño Valenzuela, Gloria 159047, Lineamientos metodológicos para un marco jurídico que permita evaluar la incidencia de la normatividad ambiental en la protección del medio ambiente, 2011